Sports Quiz

Random Sports or Minefield Quiz

NBA Minefield: Who scored 60? Quiz Stats

 Plays Quiz not verified by Sporcle

Score 0/6 Timer 10:00
0 Plays Today
% Correct
???
73%
???
72.4%
???
66.1%
???
58.4%
???
48.4%
???
45.1%

You're not logged in!

Compare scores with friends on all Sporcle quizzes.
OR
Log In

Show Comments

Extras

Top Quizzes Today


Score Distribution

Your Account Isn't Verified!

In order to create a playlist on Sporcle, you need to verify the email address you used during registration. Go to your Sporcle Settings to finish the process.

Report this User

Report this user for behavior that violates our Community Guidelines.

Details: